000 00681nam a2200229Ia 4500
005 20250508164455.0
008 008 250505s9999 xx 000 0 eng d
037 _aTextual
040 _aFEDL
_beng
_cFEDL
041 _aeng
_2eng
084 _a303.4, SAT
_qFEDL
100 _aSathyamurthy T V Ed.
_9143349
245 0 _aState and nation in the context of social change.
260 _aDelhi, India
_bOxford University Press
_c1994
300 _ax,365p.
365 _aINR
_b4500
490 _aSocial change and political discourse in India; Vol. 1
546 _aMacese
650 _aSocial change
942 _cTEXL
_h303.4, SAT
999 _c1389307
_d1389307